000 00223nam a22000857a 4500
008 160915b xxu||||| |||| 00| 0 eng d
100 _9505
_aKumar.H.etal
245 _aMega Computer-III
260 _aNew Delhi
_bP.P. Publishers
_c2007
999 _c3162
_d3162